[Event "Hamburg-ch Seniors op 13th"]
[Site "Hamburg"]
[Date "2006.10.31"]
[Round "5"]
[White "Holzweissig, Hans Joachim"]
[Black "Zippert, Georg"]
[Result "1/2-1/2"]
[WhiteElo "1715"]
[BlackElo "1804"]
[PlyCount "45"]
[EventDate "2006.10.27"]
[EventType "swiss"]
[EventRounds "9"]
[EventCountry "GER"]
[SourceTitle "EXT 2022"]
[Source "ChessBase"]
[SourceDate "2021.10.06"]
[SourceVersion "1"]
[SourceVersionDate "2021.10.06"]
[SourceQuality "1"]

1. Nf3 d5 2. g3 Nc6 3. Bg2 e5 4. d3 Nf6 5. Nbd2 Be7 6. 0-0 0-0 7. e4 Re8 8. exd5 Nxd5 9. Re1 Bb4 10. a3 Ba5 11. c4 Bxd2 12. Qxd2 Nf6 13. b4 Bf5 14. b5 Nd4 15. Nxd4 Qxd4 16. Bb2 Qc5 17. Qg5 Bxd3 18. Rxe5 Rxe5 19. Qxe5 Qxc4 20. Rc1 Qxb5 21. Qxb5 Bxb5 22. Bxf6 gxf6 23. Rxc7 1/2-1/2

[Event "Hamburg-ch Seniors op 13th"]
[Site "Hamburg"]
[Date "2006.10.30"]
[Round "4"]
[White "Keuneke, Hanno"]
[Black "Holzweissig, Hans Joachim"]
[Result "1/2-1/2"]
[WhiteElo "1738"]
[BlackElo "1715"]
[PlyCount "70"]
[EventDate "2006.10.27"]
[EventType "swiss"]
[EventRounds "9"]
[EventCountry "GER"]
[SourceTitle "EXT 2022"]
[Source "ChessBase"]
[SourceDate "2021.10.06"]
[SourceVersion "1"]
[SourceVersionDate "2021.10.06"]
[SourceQuality "1"]

1. e4 g6 2. d4 Bg7 3. Nc3 c6 4. Bc4 d6 5. Qf3 e6 6. Be3 Qe7 7. Nge2 Nd7 8. 0-0-0 Ngf6 9. Bg5 h6 10. Bh4 g5 11. Bg3 e5 12. h3 0-0 13. Bh2 Nb6 14. Bb3 a5 15. a4 Nbd7 16. Ng3 Re8 17. Nf5 Qf8 18. g4 Nb6 19. Nxd6 Qxd6 20. dxe5 Qe7 21. exf6 Qxf6 22. Qe3 Nd7 23. Rd6 Qe7 24. Rhd1 Nf6 25. e5 Nh7 26. f4 gxf4 27. Bxf4 Ng5 28. h4 Ne6 29. Bxh6 Qxh4 30. Bxg7 Kxg7 31. Qf3 Qg5+ 32. Kb1 Qf4 33. Rf1 Qxf3 34. Rxf3 Ng5 35. Re3 Be6 1/2-1/2

[Event "Pinneberg-ch"]
[Site "Pinneberg"]
[Date "2006.09.01"]
[Round "3.34"]
[White "Aleanakian, Gabriel"]
[Black "Holzweissig, Hans Joachim"]
[Result "0-1"]
[WhiteElo "1516"]
[BlackElo "1881"]
[PlyCount "70"]
[EventDate "2006.08.22"]
[EventType "swiss"]
[EventRounds "7"]
[EventCountry "GER"]
[SourceTitle "EXT 2007"]
[Source "ChessBase"]
[SourceDate "2006.11.23"]
[SourceVersion "1"]
[SourceVersionDate "2006.11.23"]
[SourceQuality "1"]

1. Nf3 b6 2. g3 Bb7 3. Bg2 f5 4. 0-0 Nf6 5. c4 e6 6. d4 Be7 7. Nc3 0-0 8. Bf4 Ne4 9. Nb5 d6 10. Qb3 a6 11. Nc3 Nxc3 12. bxc3 Nd7 13. Rfe1 Rb8 14. Rad1 Kh8 15. Qc2 g5 16. Bc1 g4 17. Nd2 Bxg2 18. Kxg2 Nf6 19. e4 Nh5 20. exf5 exf5 21. Re6 Ng7 22. Re2 Bg5 23. f4 Bf6 24. Nf1 Qd7 25. Ne3 c6 26. c5 bxc5 27. dxc5 d5 28. Nc4 Rbe8 29. Rxe8 Rxe8 30. Nd6 Rf8 31. Qa4 Qe6 32. Qxa6 Bxc3 33. Bd2 Bxd2 34. Rxd2 Qe3 35. Rc2 Qf3+ 0-1

[Event "Pinneberg-ch"]
[Site "Pinneberg"]
[Date "2006.08.25"]
[Round "2.21"]
[White "Holzweissig, Hans Joachim"]
[Black "Homm, Marc Michael"]
[Result "0-1"]
[WhiteElo "1881"]
[BlackElo "2018"]
[PlyCount "46"]
[EventDate "2006.08.22"]
[EventType "swiss"]
[EventRounds "7"]
[EventCountry "GER"]
[SourceTitle "EXT 2007"]
[Source "ChessBase"]
[SourceDate "2006.11.23"]
[SourceVersion "1"]
[SourceVersionDate "2006.11.23"]
[SourceQuality "1"]

1. Nc3 d5 2. e4 d4 3. Nce2 c5 4. Ng3 Nc6 5. Bb5 Bd7 6. d3 Qa5+ 7. Bd2 Qxb5 8. f4 Nf6 9. Nf3 e6 10. 0-0 Be7 11. Nh4 0-0 12. Qf3 Nxe4 13. Nxe4 Bxh4 14. g4 Be7 15. g5 f6 16. h4 fxg5 17. hxg5 e5 18. Qg3 Bf5 19. Nf6+ Bxf6 20. gxf6 Rxf6 21. Kf2 exf4 22. Bxf4 Qxb2 23. Kf3 Qxc2 0-1

[Event "Hamburg Seniors op 12th"]
[Site "Hamburg"]
[Date "2005.11.03"]
[Round "7"]
[White "Neumann, Horst"]
[Black "Holzweissig, Hans Joachim"]
[Result "1-0"]
[WhiteElo "1928"]
[BlackElo "1718"]
[PlyCount "95"]
[EventDate "2005.10.28"]
[EventType "swiss"]
[EventRounds "9"]
[EventCountry "GER"]
[SourceTitle "EXT 2007"]
[Source "ChessBase"]
[SourceDate "2006.11.23"]
[SourceVersion "1"]
[SourceVersionDate "2006.11.23"]
[SourceQuality "1"]

1. d4 Nf6 2. Nf3 g6 3. Bg5 Bg7 4. Nbd2 d6 5. e3 0-0 6. Bd3 Nbd7 7. Rc1 b6 8. 0-0 Bb7 9. Qe2 c5 10. c3 Re8 11. Rfd1 Qc7 12. h3 e5 13. e4 h6 14. Bxf6 Nxf6 15. d5 Nh5 16. g3 Bc8 17. Kh2 Qe7 18. Ba6 Bxa6 19. Qxa6 Rab8 20. b4 Bf6 21. Rc2 Kh7 22. Rb1 Rg8 23. bxc5 dxc5 24. Qe2 Ng7 25. Rcb2 Ne8 26. Nb3 Nd6 27. Nxc5 Rgc8 28. Na6 Rb7 29. Rb3 Bg5 30. Nb4 Rc4 31. Nc6 Qf6 32. Nxg5+ hxg5 33. f3 g4 34. hxg4 Qg5 35. Na5 bxa5 36. Rxb7 Rxc3 37. R7b3 Rc8 38. Kg2 Kg7 39. Rb8 Rc3 40. R8b3 Rc4 41. Rd1 Qd8 42. Qb2 f6 43. Rc1 Rd4 44. Rbc3 g5 45. Rc7+ Kg6 46. Rxa7 Nc4 47. Qb7 Rd2+ 48. Kf1 1-0

[Event "Hamburg Junge op"]
[Site "Hamburg"]
[Date "2005.10.08"]
[Round "8"]
[White "Holzweissig, Hans Joachim"]
[Black "Graffenberger, Wilhelm"]
[Result "1-0"]
[WhiteElo "1705"]
[BlackElo "1762"]
[PlyCount "145"]
[EventDate "2005.10.01"]
[EventType "swiss"]
[EventRounds "9"]
[EventCountry "GER"]
[SourceTitle "CBM 108 Extra"]
[Source "ChessBase"]
[SourceDate "2005.11.04"]
[SourceVersion "1"]
[SourceVersionDate "2005.11.04"]
[SourceQuality "1"]

1. d4 Nf6 2. c4 c5 3. d5 b5 4. cxb5 a6 5. e3 axb5 6. Be2 Qb6 7. Bf3 d6 8. e4 Nbd7 9. Bf4 Bb7 10. Ne2 g6 11. 0-0 Bg7 12. Nd2 0-0 13. Ng3 e5 14. Be3 Qc7 15. b3 Nb6 16. Qc2 Rfc8 17. Rfc1 Qe7 18. Qd1 Nbd7 19. Be2 Ba6 20. Qf1 h5 21. h3 h4 22. Nh1 Nh5 23. a4 Nf4 24. axb5 Nxe2+ 25. Qxe2 Bb7 26. Nc4 Rf8 27. Na5 Nf6 28. Bg5 Qc7 29. Nxb7 Qxb7 30. Ra4 Nh5 31. Bxh4 Nf4 32. Qc4 f5 33. f3 Bh6 34. Rca1 fxe4 35. fxe4 Nh5 36. R1a2 Be3+ 37. Bf2 Bh6 38. Ra6 Rfb8 39. Rxa8 Rxa8 40. Ra6 Bf8 41. g3 Rb8 42. b6 Qd7 43. Kg2 Be7 44. Be3 Bd8 45. Ra7 Rb7 46. Rxb7 Qxb7 47. Qb5 Qxb6 48. Qxb6 Bxb6 49. Kf3 Kf7 50. g4 Nf6 51. Ng3 Nd7 52. h4 Ba5 53. h5 Be1 54. hxg6+ Kxg6 55. Nf5 Bb4 56. Nxd6 Nb6 57. Nc4 Nd7 58. Bf2 Bc3 59. Bg3 Kg5 60. Bf2 Bd4 61. Bxd4 cxd4 62. b4 Kf6 63. b5 Nc5 64. b6 Nb7 65. g5+ Kxg5 66. Nxe5 Nc5 67. Nc4 Kf6 68. e5+ Ke7 69. Na5 Kd7 70. b7 Kc7 71. e6 Na6 72. Ke4 Kb6 73. e7 1-0

[Event "Hamburg Junge op"]
[Site "Hamburg"]
[Date "2005.10.07"]
[Round "5"]
[White "Reinke, Kurt"]
[Black "Holzweissig, Hans Joachim"]
[Result "1-0"]
[WhiteElo "2042"]
[BlackElo "1705"]
[PlyCount "93"]
[EventDate "2005.10.01"]
[EventType "swiss"]
[EventRounds "9"]
[EventCountry "GER"]
[SourceTitle "CBM 108 Extra"]
[Source "ChessBase"]
[SourceDate "2005.11.04"]
[SourceVersion "1"]
[SourceVersionDate "2005.11.04"]
[SourceQuality "1"]

1. d4 Nf6 2. c4 g6 3. Nc3 Bg7 4. e4 d6 5. f3 0-0 6. Be3 Nbd7 7. Bd3 e5 8. Nge2 exd4 9. Nxd4 Ne5 10. Be2 Re8 11. 0-0 Bd7 12. Qd2 Kh8 13. Bg5 Qc8 14. Rac1 Nc6 15. Nxc6 bxc6 16. Bh6 Qd8 17. Bxg7+ Kxg7 18. Qd4 Kg8 19. Qf2 Qe7 20. Rfe1 Kg7 21. Bd3 h5 22. Re2 Nh7 23. Rce1 f6 24. h4 Qf7 25. b3 Be6 26. Qg3 Nf8 27. Re3 Nd7 28. Ne2 Ne5 29. Bb1 Rg8 30. Nd4 Bd7 31. f4 Ng4 32. R3e2 Rge8 33. Qc3 a5 34. Nf3 a4 35. e5 fxe5 36. fxe5 dxe5 37. Re4 Kg8 38. Rf1 Qg7 39. Ng5 Bf5 40. c5 Nf6 41. Rxe5 Rxe5 42. Qxe5 Re8 43. Qd4 Qe7 44. Bxf5 gxf5 45. Rxf5 Nd5 46. Ne6 Qxe6 47. Rg5+ 1-0

[Event "Hamburg League qual"]
[Site "Hamburg"]
[Date "2005.08.28"]
[Round "5"]
[White "Holzweissig, Hans Joachim"]
[Black "Graffenberger, Wilhelm"]
[Result "1/2-1/2"]
[WhiteElo "1732"]
[BlackElo "1754"]
[PlyCount "107"]
[EventDate "2005.08.14"]
[EventType "swiss"]
[EventRounds "7"]
[EventCountry "GER"]
[SourceTitle "EXT 2006"]
[Source "ChessBase"]
[SourceDate "2005.11.24"]
[SourceVersion "1"]
[SourceVersionDate "2005.11.24"]
[SourceQuality "1"]

1. Nc3 d5 2. e4 d4 3. Nce2 c5 4. Ng3 e5 5. Bc4 Nf6 6. d3 h6 7. N1e2 Be7 8. 0-0 0-0 9. f4 Nc6 10. f5 Na5 11. Bb3 Nxb3 12. axb3 b5 13. Bd2 b4 14. Kh1 a5 15. Ng1 Bd7 16. Nh5 a4 17. bxa4 Rxa4 18. Rxa4 Bxa4 19. b3 Bd7 20. Nxf6+ Bxf6 21. Qg4 Kh7 22. Ra1 Rg8 23. Qh5 Be8 24. Nh3 g5 25. Nf2 Bg7 26. Qd1 f6 27. g4 Qb6 28. Ra2 Bc6 29. Qa1 Bb7 30. Nd1 Qc6 31. Nb2 Ra8 32. Na4 Bf8 33. Qf1 Qe8 34. Ra1 Bc6 35. Be1 Bxa4 36. bxa4 Rxa4 37. Rc1 Qf7 38. h4 Ra6 39. hxg5 fxg5 40. Qh3 b3 41. cxb3 Qxb3 42. Qf3 Be7 43. Bg3 Qb2 44. Rf1 Bf6 45. Qd1 Ra2 46. Rf2 Ra1 47. Rxb2 Rxd1+ 48. Kg2 Rxd3 49. Rb7+ Kg8 50. Rb8+ Kf7 51. Rb7+ Ke8 52. Rb6 Kf7 53. Rb7+ Kg8 54. Rb8+ 1/2-1/2

[Event "Hamburg League qual"]
[Site "Hamburg"]
[Date "2005.08.27"]
[Round "4"]
[White "Jachinski, Ronald"]
[Black "Holzweissig, Hans Joachim"]
[Result "0-1"]
[WhiteElo "1456"]
[BlackElo "1732"]
[PlyCount "82"]
[EventDate "2005.08.14"]
[EventType "swiss"]
[EventRounds "7"]
[EventCountry "GER"]
[SourceTitle "EXT 2006"]
[Source "ChessBase"]
[SourceDate "2005.11.24"]
[SourceVersion "1"]
[SourceVersionDate "2005.11.24"]
[SourceQuality "1"]

1. Nf3 g6 2. d4 Bg7 3. b3 d5 4. Bb2 Nf6 5. Nbd2 Nbd7 6. e3 0-0 7. Be2 Re8 8. 0-0 c6 9. Re1 Qc7 10. c4 e6 11. Rb1 a5 12. cxd5 exd5 13. Bd3 Bf8 14. Qc2 Bg7 15. e4 dxe4 16. Nxe4 Rd8 17. Nxf6+ Nxf6 18. h3 Nd5 19. Bc4 Be6 20. Bxd5 Bxd5 21. Qd3 a4 22. Ra1 axb3 23. axb3 Rxa1 24. Rxa1 Qb6 25. Nd2 Be6 26. Nc4 Qb5 27. Ra5 Bxc4 28. Rxb5 Bxd3 29. Rxb7 Bb5 30. f3 Bxd4+ 31. Bxd4 Rxd4 32. Re7 Rd3 33. Kf2 Rxb3 34. Kg3 Rb2 35. Re1 Kg7 36. f4 h5 37. h4 Bc4 38. Rc1 Bd5 39. Rg1 Rxg2+ 40. Rxg2 Bxg2 41. Kxg2 Kf6 0-1

[Event "Pinneberg-ch"]
[Site "Pinneberg"]
[Date "2005.08.11"]
[Round "1"]
[White "Kuhn, Gerd"]
[Black "Holzweissig, Hans Joachim"]
[Result "1-0"]
[WhiteElo "2232"]
[BlackElo "1732"]
[PlyCount "105"]
[EventDate "2005.08.11"]
[EventType "swiss"]
[EventRounds "7"]
[EventCountry "GER"]
[SourceTitle "EXT 2006"]
[Source "ChessBase"]
[SourceDate "2005.11.24"]
[SourceVersion "1"]
[SourceVersionDate "2005.11.24"]
[SourceQuality "1"]

1. d4 g6 2. e4 Bg7 3. c3 c6 4. Bd3 d5 5. Nd2 Nd7 6. e5 e6 7. Ndf3 c5 8. Bg5 Qb6 9. Qd2 c4 10. Bb1 Ne7 11. Ne2 h6 12. Bxe7 Kxe7 13. Nf4 Nf8 14. h4 Bd7 15. Rh3 Kd8 16. Rg3 Be8 17. Nh5 Rg8 18. Nxg7 Rxg7 19. Bc2 Kc7 20. Rb1 Rc8 21. Qxh6 Rg8 22. h5 Kb8 23. Qf4 Rh8 24. h6 Qd8 25. Kd2 Nh7 26. Rh1 Ka8 27. Ng5 Nxg5 28. Qxg5 Qxg5+ 29. Rxg5 Kb8 30. Rg3 Kc7 31. Rf3 Kd8 32. g4 Ke7 33. Rf6 b5 34. a3 a5 35. h7 Rb8 36. Rf3 b4 37. axb4 axb4 38. Rfh3 Kf8 39. f4 Bd7 40. Ra1 b3 41. Bb1 Kg7 42. Ra7 Rbd8 43. f5 exf5 44. gxf5 gxf5 45. Rg3+ Kxh7 46. Rxd7 Kh6 47. Rxf7 Rhg8 48. Rh3+ Kg5 49. Rxf5+ Kg4 50. Rff3 Rh8 51. Bf5+ Kg5 52. Rhg3+ Kh6 53. Rg6+ 1-0

[Event "Pinneberg op Seniors 06th"]
[Site "Pinneberg"]
[Date "2005.07.25"]
[Round "3"]
[White "Holzweissig, Hans Joachim"]
[Black "Linke, Harry"]
[Result "1/2-1/2"]
[WhiteElo "1686"]
[BlackElo "1713"]
[PlyCount "74"]
[EventDate "2005.07.25"]
[EventType "swiss"]
[EventRounds "5"]
[EventCountry "GER"]
[SourceTitle "EXT 2011"]
[Source "ChessBase"]
[SourceDate "2010.11.26"]
[SourceVersion "1"]
[SourceVersionDate "2010.11.26"]
[SourceQuality "1"]

1. Nc3 e5 2. Nf3 Nc6 3. d4 exd4 4. Nxd4 Bc5 5. Nf3 Nge7 6. Bf4 d5 7. Nb5 Bb6 8. e3 a6 9. Nbd4 Nxd4 10. exd4 Nf5 11. c3 0-0 12. Be2 c6 13. 0-0 Bc7 14. Qd2 Nd6 15. Bg5 f6 16. Bh4 Ne4 17. Qc2 Qd6 18. Bg3 Nxg3 19. hxg3 f5 20. Bd3 Qf6 21. Rfe1 Bd7 22. Ne5 Bxe5 23. Rxe5 g6 24. Rae1 Rae8 25. f4 b5 26. b3 Qd6 27. b4 Qf6 28. a4 Rxe5 29. dxe5 Qe6 30. axb5 cxb5 31. Qf2 Rb8 32. Rc1 Qb6 33. Qd4 Kf7 34. Kf1 Be6 35. Ke2 Qxd4 36. cxd4 Rc8 37. Rxc8 Bxc8 1/2-1/2

[Event "Hamburg Seniors op 11th"]
[Site "Hamburg"]
[Date "2004.11.13"]
[Round "3"]
[White "Biermann Ratjen, Mathias"]
[Black "Holzweissig, Hans Joachim"]
[Result "1-0"]
[WhiteElo "1845"]
[BlackElo "1610"]
[PlyCount "77"]
[EventDate "2004.11.12"]
[EventType "swiss"]
[EventRounds "7"]
[EventCountry "GER"]
[SourceTitle "EXT 2006"]
[Source "ChessBase"]
[SourceDate "2005.11.24"]
[SourceVersion "1"]
[SourceVersionDate "2005.11.24"]
[SourceQuality "1"]

1. e4 Nc6 2. d4 e5 3. Nf3 exd4 4. Bc4 Bc5 5. c3 d3 6. Qxd3 d6 7. b4 Bb6 8. a4 a5 9. b5 Nce7 10. 0-0 h6 11. Rd1 Be6 12. Bxe6 fxe6 13. Nd4 Qd7 14. Qg3 g5 15. Qh3 e5 16. Qh5+ Kd8 17. Nf3 Nf6 18. Qf7 Nxe4 19. Nxe5 Qe8 20. Be3 Bxe3 21. fxe3 Rf8 22. Qc4 Nf6 23. Na3 Ng6 24. Nxg6 Qxg6 25. b6 Qf7 26. bxc7+ Qxc7 27. Qe6 Ne8 28. Nb5 Qe7 29. Qxh6 Rf6 30. Qh3 Re6 31. Rd3 Ra6 32. c4 b6 33. Nd4 Kd7 34. Rad1 Ra8 35. e4 Rc8 36. e5 Rxc4 37. Nxe6 Qxe6 38. Rxd6+ Nxd6 39. Rxd6+ 1-0

[Event "Hamburg League qual"]
[Site "Hamburg"]
[Date "2004.10.16"]
[Round "3"]
[White "Krupa, Boguslaw"]
[Black "Holzweissig, Hans Joachim"]
[Result "1/2-1/2"]
[WhiteElo "1901"]
[BlackElo "1642"]
[PlyCount "83"]
[EventDate "2004.10.09"]
[EventType "swiss"]
[EventRounds "7"]
[EventCountry "GER"]
[SourceTitle "EXT 2006"]
[Source "ChessBase"]
[SourceDate "2005.11.24"]
[SourceVersion "1"]
[SourceVersionDate "2005.11.24"]
[SourceQuality "1"]

1. e4 Nc6 2. d4 e5 3. d5 Nce7 4. Nf3 Ng6 5. Be2 Bc5 6. 0-0 Nf6 7. Nbd2 d6 8. c3 a6 9. b4 Ba7 10. Qc2 Bd7 11. Nb3 0-0 12. c4 c5 13. bxc5 dxc5 14. Bb2 Qc7 15. Rad1 Qd6 16. h3 Rfe8 17. Nh2 Nf4 18. Bf3 b5 19. Nd2 b4 20. Rfe1 a5 21. Ndf1 a4 22. Bc1 Ng6 23. Ne3 Ne7 24. Nhg4 Nxg4 25. Bxg4 Bxg4 26. Nxg4 Bb6 27. Rf1 Ng6 28. g3 Bc7 29. Ne3 Qb6 30. Qe2 Rad8 31. h4 Ne7 32. h5 Rf8 33. Kg2 f5 34. exf5 Nxf5 35. Nxf5 Rxf5 36. g4 Rf7 37. Rd3 Rdf8 38. Qe4 Bd6 39. Rg3 Qc7 40. Bd2 Qd7 41. Bc1 Qc8 42. Bd2 1/2-1/2

[Event "Lucky op 2nd"]
[Site "Hamburg"]
[Date "1999.10.18"]
[Round "5"]
[White "Holzweissig, Hans Joachim"]
[Black "Rohlfs, Ricarda"]
[Result "1-0"]
[WhiteElo "1764"]
[BlackElo "1279"]
[PlyCount "79"]
[EventDate "1999.10.??"]
[EventType "swiss"]
[EventRounds "9"]
[EventCountry "GER"]
[SourceTitle "EXT 2001"]
[Source "ChessBase"]
[SourceDate "2000.11.22"]
[SourceVersion "1"]
[SourceVersionDate "2000.11.22"]
[SourceQuality "1"]

1. d4 Nf6 2. c4 g6 3. Nc3 Bg7 4. e4 d6 5. f3 0-0 6. Be3 Nbd7 7. Bd3 e5 8. d5 Ne8 9. Qd2 f5 10. Nge2 Nb6 11. b4 Qf6 12. c5 f4 13. Bf2 Nd7 14. Bc4 Kh8 15. c6 bxc6 16. dxc6 Nb8 17. Bd5 Qe7 18. Rb1 Nf6 19. b5 Be6 20. Bxe6 Qxe6 21. Nd5 Nxd5 22. Qxd5 Qxd5 23. exd5 a6 24. b6 cxb6 25. Rxb6 Rc8 26. Kd2 a5 27. a3 Bf6 28. Rhb1 Na6 29. Nc3 Nc7 30. Kd3 e4+ 31. fxe4 g5 32. Nb5 Ne8 33. Nd4 Nc7 34. Nf5 Kg8 35. Bd4 Bd8 36. Nxd6 Ne6 37. Nxc8 Nxd4 38. Kxd4 Bxb6+ 39. Nxb6 Rb8 40. c7 1-0